| 000 | 00427pab a2200157 454500 | ||
|---|---|---|---|
| 008 | 180718b2009 xxu||||| |||| 00| 0 eng d | ||
| 100 | _aHall, Patrik et al. | ||
| 245 | _aIs there a nordic approach to questions of democracy in studies of network governance? | ||
| 260 | _c2009 | ||
| 300 | _ap.515-38. | ||
| 362 | _aNov | ||
| 650 | _aLocal government | ||
| 773 | _aLocal Government Studies | ||
| 908 | _aN | ||
| 909 | _a84963 | ||
| 999 |
_c84963 _d84963 |
||